[Event "Maribor"]
[Site "Maribor"]
[Date "1980.10.??"]
[Round "7"]
[White "Velimirovic, Dragoljub"]
[Black "Danner, Georg"]
[Result "1-0"]
[WhiteElo "2515"]
[BlackElo "2345"]
[PlyCount "69"]
[EventDate "1980.10.23"]
[EventType "tourn"]
[EventRounds "13"]
[EventCountry "YUG"]
[EventCategory "8"]
[Source "ChessBase"]
[SourceDate "2000.11.22"]
[WhiteTeamCountry "URS"]
[BlackTeamCountry "YUG"]

1. e4 c5 2. Nf3 d6 3. Nc3 Nc6 4. d4 cxd4 5. Nxd4 Nf6 6. Bc4 Bd7 7. Be3 Rc8 8.
Bb3 Ng4 9. O-O g6 10. Nxc6 bxc6 11. Bd4 e5 12. Bxa7 Qh4 13. h3 Nf6 14. Qd3 g5
15. f3 Nh5 16. Bf2 Qf4 17. g4 Ng7 18. Kg2 h5 19. Bg3 Qf6 20. Nd1 Ne6 21. Bxe6
fxe6 22. Ne3 h4 23. Bh2 d5 24. Rad1 Bd6 25. Nc4 Bc7 26. exd5 cxd5 27. Ne3 Bc6
28. Qa6 Kd7 29. Nc4 Rb8 30. Qa7 Rb7 31. Qe3 e4 32. fxe4 Bf4 33. Bxf4 gxf4 34.
Rxf4 Qg7 35. Qc5 1-0

[Event "Maribor"]
[Site "Maribor"]
[Date "1980.10.??"]
[Round "8"]
[White "Kuligowski, Adam"]
[Black "Velimirovic, Dragoljub"]
[Result "0-1"]
[WhiteElo "2405"]
[BlackElo "2515"]
[PlyCount "114"]
[EventDate "1980.10.23"]
[EventType "tourn"]
[EventRounds "13"]
[EventCountry "YUG"]
[EventCategory "8"]
[Source "ChessBase"]
[SourceDate "2000.11.22"]
[WhiteTeamCountry "URS"]
[BlackTeamCountry "YUG"]

1. d4 Nf6 2. Nf3 c5 3. d5 g6 4. c4 Bg7 5. Nc3 O-O 6. e4 d6 7. Be2 e5 8. Bg5 h6
9. Bd2 Nbd7 10. g3 a6 11. a4 Nh5 12. a5 Ndf6 13. h3 Bd7 14. Kf1 Rb8 15. Kg2 Qc7
16. Ne1 b5 17. axb6 Rxb6 18. Nd3 Rfb8 19. Ra2 Rb4 20. Nxb4 cxb4 21. Nb1 Nxe4
22. Rxa6 Nc5 23. Ra2 Nf6 24. b3 Nfe4 25. Be1 f5 26. f3 Nf6 27. Nd2 h5 28. Bf2
h4 29. g4 e4 30. Bxh4 exf3+ 31. Bxf3 Rf8 32. Bg3 Nh7 33. gxf5 Bxf5 34. Bg4 Bd3
35. Be2 Be4+ 36. Nxe4 Nxe4 37. Be1 Qc5 38. Bg4 Nhf6 39. Rf1 Qe3 40. Re2 Qg5 41.
Bd2 Qe5 42. Bf4 Qc3 43. Be6+ Kh7 44. Rf3 Qxf3+ 45. Kxf3 Nc3 46. Qc2 Nh5 47. Rf2
Bd4 48. Rf1 Nxf4 49. Kg4 Nxe6 50. dxe6 Rxf1 51. Qd3 Re1 52. Qxd4 Re4+ 53. Qxe4
Nxe4 54. Kf4 Nf6 55. Ke3 Kg7 56. Kd4 Kf8 57. c5 Ke7 0-1

[Event "Maribor"]
[Site "Maribor"]
[Date "1980.11.??"]
[Round "9"]
[White "Velimirovic, Dragoljub"]
[Black "Knezevic, Milorad J"]
[Result "1-0"]
[WhiteElo "2515"]
[BlackElo "2490"]
[PlyCount "107"]
[EventDate "1980.10.23"]
[EventType "tourn"]
[EventRounds "13"]
[EventCountry "YUG"]
[EventCategory "8"]
[Source "ChessBase"]
[SourceDate "2000.11.22"]
[WhiteTeamCountry "URS"]
[BlackTeamCountry "YUG"]

1. e4 e5 2. Nf3 Nf6 3. d4 Nxe4 4. Bd3 d5 5. Nxe5 Bd6 6. O-O O-O 7. Nd2 Bxe5 8.
dxe5 Nc5 9. Nb3 Nxd3 10. Qxd3 Nc6 11. Bf4 Qd7 12. Rad1 Qg4 13. Qg3 Qxg3 14.
Bxg3 Ne7 15. c3 c6 16. Rfe1 Nf5 17. Bf4 b6 18. Nd4 Bd7 19. h3 Rfe8 20. g4 Nxd4
21. cxd4 f5 22. exf6 gxf6 23. f3 Kf7 24. Kf2 Re6 25. Rxe6 Bxe6 26. Rc1 Rc8 27.
b4 Bd7 28. Rc3 Ra8 29. Ra3 Bc8 30. Bc7 Bb7 31. Re3 Rc8 32. Bd6 Re8 33. a4 Rxe3
34. Kxe3 Ke6 35. Bb8 a5 36. bxa5 bxa5 37. Bc7 c5 38. dxc5 Bc6 39. Bxa5 Bxa4 40.
Bc3 Bc6 41. Kf4 Bd7 42. h4 Be8 43. h5 Ke7 44. Bb2 Kf7 45. g5 Ke6 46. Kg4 fxg5
47. Kxg5 Ba4 48. f4 Bc2 49. Bd4 Bd3 50. c6 Kd6 51. f5 Bb5 52. Kh6 Bxc6 53. Kxh7
Bd7 54. f6 1-0

[Event "Maribor"]
[Site "Maribor"]
[Date "1980.11.??"]
[Round "10"]
[White "Speelman, Jonathan S"]
[Black "Velimirovic, Dragoljub"]
[Result "1/2-1/2"]
[WhiteElo "2490"]
[BlackElo "2515"]
[PlyCount "49"]
[EventDate "1980.10.23"]
[EventType "tourn"]
[EventRounds "13"]
[EventCountry "YUG"]
[EventCategory "8"]
[Source "ChessBase"]
[SourceDate "2000.11.22"]
[WhiteTeamCountry "URS"]
[BlackTeamCountry "YUG"]

1. Nf3 Nf6 2. c4 e6 3. g3 d5 4. Bg2 Be7 5. O-O O-O 6. d4 dxc4 7. Qc2 a6 8. Qxc4
b5 9. Qc2 Bb7 10. Bf4 Nc6 11. Nbd2 Rc8 12. a3 Nxd4 13. Nxd4 Bxg2 14. Nxe6 Qd5
15. Nxf8 Bxf1 16. Nxf1 Bxf8 17. Rd1 Qe6 18. Ne3 c5 19. Qf5 c4 20. Be5 Qxf5 21.
Nxf5 a5 22. Kf1 Ne8 23. Bc3 b4 24. axb4 axb4 25. Bxg7 1/2-1/2

[Event "Maribor"]
[Site "Maribor"]
[Date "1980.11.??"]
[Round "11"]
[White "Velimirovic, Dragoljub"]
[Black "Rakic, Tomislav"]
[Result "1/2-1/2"]
[WhiteElo "2515"]
[BlackElo "2455"]
[PlyCount "84"]
[EventDate "1980.10.23"]
[EventType "tourn"]
[EventRounds "13"]
[EventCountry "YUG"]
[EventCategory "8"]
[Source "ChessBase"]
[SourceDate "2000.11.22"]
[WhiteTeamCountry "URS"]
[BlackTeamCountry "YUG"]

1. e4 g6 2. d4 Bg7 3. Nc3 c6 4. Nf3 d6 5. Be2 Nf6 6. O-O O-O 7. e5 Nd5 8. Nxd5
cxd5 9. Bf4 dxe5 10. Bxe5 Bh6 11. c3 Nc6 12. Bg3 Bg4 13. Ne5 Nxe5 14. dxe5 Bxe2
15. Qxe2 Qb6 16. Rad1 Rfd8 17. Rd4 Qa6 18. Qc2 Rac8 19. Qb3 Rc4 20. Rfd1 Rxd4
21. Rxd4 Qc6 22. h3 Rd7 23. Qd1 b5 24. a3 Bg7 25. Rd3 e6 26. f4 Qc4 27. Rd4 Qa2
28. Qe2 a6 29. Bf2 Bf8 30. Rd2 Qc4 31. Qf3 a5 32. Bd4 b4 33. axb4 axb4 34. g4
bxc3 35. bxc3 Rb7 36. f5 Qc8 37. Rf2 Bg7 38. h4 Qb8 39. h5 Rb1+ 40. Kg2 Rb2 41.
hxg6 Rxf2+ 42. Qxf2 hxg6 1/2-1/2

[Event "Maribor"]
[Site "Maribor"]
[Date "1980.11.??"]
[Round "12"]
[White "Nikolac, Juraj"]
[Black "Velimirovic, Dragoljub"]
[Result "1/2-1/2"]
[WhiteElo "2480"]
[BlackElo "2515"]
[PlyCount "113"]
[EventDate "1980.10.23"]
[EventType "tourn"]
[EventRounds "13"]
[EventCountry "YUG"]
[EventCategory "8"]
[Source "ChessBase"]
[SourceDate "2000.11.22"]
[WhiteTeamCountry "URS"]
[BlackTeamCountry "YUG"]

1. e4 e5 2. Nc3 Nc6 3. Bc4 Nf6 4. d3 Bb4 5. Nge2 d5 6. exd5 Nxd5 7. O-O Bxc3 8.
Nxc3 Nxc3 9. bxc3 O-O 10. Qf3 Qd6 11. a4 Qg6 12. Bd5 Bd7 13. Re1 Rad8 14. Qg3
Qxg3 15. hxg3 Rfe8 16. Bg5 Rc8 17. a5 b6 18. axb6 axb6 19. Bd2 Kf8 20. f4 f6
21. Kf2 h6 22. Bc1 g5 23. Bb2 exf4 24. Rxe8+ Rxe8 25. gxf4 gxf4 26. Bc1 Ne5 27.
Bxf4 c6 28. Bb3 h5 29. Ra7 Be6 30. Bxe5 fxe5 31. Rh7 Bd5 32. c4 Bf7 33. Rh6 e4
34. Rxc6 e3+ 35. Ke1 Be6 36. Ba4 Bg4 37. Rf6+ Ke7 38. Bxe8 Kxf6 39. g3 Ke5 40.
c3 Kd6 41. Ba4 Ke6 42. d4 Kf6 43. Bd1 Be6 44. Bxh5 Bxc4 45. Be2 Bd5 46. Kd1 Be4
47. c4 Kg5 48. Kc1 Bg6 49. Kd1 Be4 50. Kc1 Bg6 51. Bf3 Bd3 52. c5 bxc5 53. dxc5
Kf5 54. Kd1 Ke5 55. Bb7 Kf5 56. Bf3 Ke5 57. c6 1/2-1/2

[Event "Maribor"]
[Site "Maribor"]
[Date "1980.11.??"]
[Round "13"]
[White "Velimirovic, Dragoljub"]
[Black "Musil, Vojko"]
[Result "0-1"]
[WhiteElo "2515"]
[BlackElo "2400"]
[PlyCount "94"]
[EventDate "1980.10.23"]
[EventType "tourn"]
[EventRounds "13"]
[EventCountry "YUG"]
[EventCategory "8"]
[Source "ChessBase"]
[SourceDate "2000.11.22"]
[WhiteTeamCountry "URS"]
[BlackTeamCountry "YUG"]

1. e4 c5 2. Nf3 d6 3. d4 cxd4 4. Nxd4 Nf6 5. Nc3 a6 6. Bg5 e6 7. f4 Qb6 8. Qd2
Qxb2 9. Rb1 Qa3 10. f5 Nc6 11. fxe6 fxe6 12. Nxc6 bxc6 13. e5 dxe5 14. Bxf6
gxf6 15. Ne4 Be7 16. Be2 h5 17. Rb3 Qa4 18. Nxf6+ Bxf6 19. c4 Ra7 20. O-O Rd7
21. Qe3 Rf7 22. Qc5 Be7 23. Qxe5 Rxf1+ 24. Bxf1 Rf8 25. Be2 Rf5 26. Bxh5+ Rxh5
27. Qxh5+ Kd8 28. Rd3+ Bd7 29. Qh8+ Kc7 30. Qd4 c5 31. Qe5+ Kc6 32. Qe4+ Kc7
33. Qf4+ Kc6 34. Rb3 Qa5 35. Qe4+ Kd6 36. h4 Bf6 37. Rd3+ Bd4+ 38. Kh2 Ke7 39.
h5 Qc7+ 40. Rg3 Be5 41. Qh7+ Kd8 42. Qd3 Bxg3+ 43. Qxg3 Be8 44. Qxc7+ Kxc7 45.
g4 Kd6 46. Kg3 Ke5 47. a3 Ke4 0-1

[Event "YUG-ch"]
[Site "Borovo"]
[Date "1981.??.??"]
[Round "1"]
[White "Ivkov, Borislav"]
[Black "Velimirovic, Dragoljub"]
[Result "1/2-1/2"]
[WhiteElo "2540"]
[BlackElo "2480"]
[PlyCount "30"]
[EventDate "1981.03.??"]
[EventType "tourn"]
[EventRounds "19"]
[EventCountry "YUG"]
[Source "ChessBase"]
[SourceDate "1998.11.10"]
[WhiteTeamCountry "URS"]
[BlackTeamCountry "YUG"]

1. d4 Nf6 2. c4 c5 3. Nf3 e6 4. Nc3 Nc6 5. e3 d5 6. a3 cxd4 7. exd4 Be7 8. c5
O-O 9. Bb5 Ne4 10. Qc2 Bf6 11. Bxc6 bxc6 12. O-O Nxc3 13. Qxc3 a5 14. b3 Be7
15. Re1 f6 1/2-1/2

[Event "YUG-ch"]
[Site "Borovo"]
[Date "1981.??.??"]
[Round "3"]
[White "Vukic, Milan"]
[Black "Velimirovic, Dragoljub"]
[Result "0-1"]
[WhiteElo "2505"]
[BlackElo "2480"]
[PlyCount "64"]
[EventDate "1981.03.??"]
[EventType "tourn"]
[EventRounds "19"]
[EventCountry "YUG"]
[Source "ChessBase"]
[SourceDate "1998.11.10"]
[WhiteTeamCountry "URS"]
[BlackTeamCountry "YUG"]

1. d4 Nf6 2. c4 e6 3. Nf3 c5 4. d5 exd5 5. cxd5 d6 6. Nc3 g6 7. Bf4 a6 8. a4
Bg7 9. e4 Bg4 10. Be2 O-O 11. Nd2 Bxe2 12. Qxe2 Nh5 13. Be3 Nd7 14. g4 Nhf6 15.
h3 b5 16. O-O b4 17. Nd1 Re8 18. f3 Nb6 19. Qd3 a5 20. Ra2 Nfd7 21. b3 Rc8 22.
Rc2 Ne5 23. Qb5 Rb8 24. Qxa5 Qh4 25. Kh2 Nxd5 26. exd5 Nxg4+ 27. fxg4 Be5+ 28.
Rf4 Bxf4+ 29. Bxf4 Re2+ 30. Kg1 Qxh3 31. Ne3 Rxe3 32. Kf2 Rbe8 0-1

[Event "YUG-ch"]
[Site "Borovo"]
[Date "1981.??.??"]
[Round "5"]
[White "Bukic, Enver"]
[Black "Velimirovic, Dragoljub"]
[Result "1/2-1/2"]
[WhiteElo "2480"]
[BlackElo "2480"]
[PlyCount "112"]
[EventDate "1981.03.??"]
[EventType "tourn"]
[EventRounds "19"]
[EventCountry "YUG"]
[Source "ChessBase"]
[SourceDate "1998.11.10"]
[WhiteTeamCountry "URS"]
[BlackTeamCountry "YUG"]

1. d4 Nf6 2. c4 c5 3. d5 e6 4. Nc3 exd5 5. cxd5 d6 6. e4 g6 7. Nf3 Bg7 8. Be2
O-O 9. O-O Re8 10. Nd2 Nbd7 11. a4 a6 12. Ra3 Ne5 13. Qc2 Qe7 14. a5 Rb8 15.
Na4 Bd7 16. f4 Bxa4 17. Qxa4 Ned7 18. Bf3 c4 19. Qc2 Rbc8 20. Ra4 c3 21. bxc3
Nc5 22. Rc4 Qd8 23. Ba3 Qxa5 24. Bxc5 b5 25. Nb3 Qc7 26. Rd4 dxc5 27. d6 Qb6
28. Rdd1 c4+ 29. Nd4 Qxd6 30. Nxb5 Qxf4 31. Nd6 Rcd8 32. Nxe8 Rxe8 33. Qa4 Qe3+
34. Kh1 Qxc3 35. Rc1 Qe5 36. Rxc4 a5 37. g3 h5 38. Rfc1 Bf8 39. Qa1 Qxa1 40.
Rxa1 Bb4 41. Rd1 Kg7 42. Rdd4 Re6 43. Bd1 Re5 44. Bc2 Re7 45. h3 Ng8 46. Kg2
Re5 47. Rd5 Rxd5 48. exd5 Nf6 49. Rd4 Ne8 50. Re4 Nd6 51. Re2 Kf6 52. Kf3 Bc5
53. Bd3 Bb4 54. h4 Bc5 55. g4 hxg4+ 56. Kxg4 Bb4 1/2-1/2

[Event "YUG-ch"]
[Site "Borovo"]
[Date "1981.??.??"]
[Round "7"]
[White "Nicevski, Risto"]
[Black "Velimirovic, Dragoljub"]
[Result "1/2-1/2"]
[WhiteElo "2410"]
[BlackElo "2480"]
[PlyCount "71"]
[EventDate "1981.03.??"]
[EventType "tourn"]
[EventRounds "19"]
[EventCountry "YUG"]
[Source "ChessBase"]
[SourceDate "1998.11.10"]
[WhiteTeamCountry "URS"]
[BlackTeamCountry "YUG"]

1. e4 e5 2. Nf3 Nc6 3. Bb5 f5 4. Bxc6 dxc6 5. Nc3 fxe4 6. Nxe4 Nf6 7. Qe2 Bg4
8. h3 Bh5 9. d3 Qd5 10. g4 Bf7 11. Nc3 Bb4 12. Qxe5+ Kd7 13. Qxd5+ Bxd5 14. Ke2
Bxc3 15. bxc3 Rhf8 16. c4 Rae8+ 17. Be3 Bxf3+ 18. Kxf3 Nd5+ 19. Ke2 Nf4+ 20.
Kd2 Ng2 21. Raf1 Rf3 22. Ke2 Nxe3 23. Kxf3 Nxf1 24. Rxf1 Re5 25. Rb1 b6 26. a3
Ra5 27. Rb3 Re5 28. d4 Re1 29. Re3 Rc1 30. Rc3 Re1 31. h4 Rh1 32. Kg3 Rd1 33.
Rf3 Ke7 34. Re3+ Kd7 35. Rf3 Ke7 36. Re3+ 1/2-1/2

[Event "YUG-ch"]
[Site "Borovo"]
[Date "1981.??.??"]
[Round "9"]
[White "Krnic, Zdenko"]
[Black "Velimirovic, Dragoljub"]
[Result "0-1"]
[WhiteElo "2470"]
[BlackElo "2480"]
[PlyCount "74"]
[EventDate "1981.03.??"]
[EventType "tourn"]
[EventRounds "19"]
[EventCountry "YUG"]
[Source "ChessBase"]
[SourceDate "1998.11.10"]
[WhiteTeamCountry "URS"]
[BlackTeamCountry "YUG"]

1. Nf3 Nf6 2. c4 e6 3. g3 d5 4. b3 a5 5. a4 d4 6. Bg2 c5 7. O-O Nc6 8. d3 e5 9.
e4 Be7 10. h3 Nd7 11. Nh2 h5 12. h4 Nf8 13. Nd2 Bd7 14. Ndf3 Qc7 15. Ra2 f6 16.
Ne1 g5 17. Bf3 O-O-O 18. Ng2 Be8 19. Be2 Kb8 20. f4 exf4 21. gxf4 g4 22. Qe1 f5
23. exf5 Bf6 24. Bxg4 hxg4 25. Nxg4 Nd7 26. Re2 Bh5 27. Nxf6 Nxf6 28. Re6 Rd6
29. Bd2 Bg4 30. Bxa5 Nxa5 31. Rxd6 Qxd6 32. Qxa5 Rg8 33. Kh2 Bxf5 34. Qd2 Qc6
35. Ne1 Ng4+ 36. Kg3 Ne3+ 37. Kf2 Rg2+ 0-1

[Event "YUG-ch"]
[Site "Borovo"]
[Date "1981.??.??"]
[Round "10"]
[White "Velimirovic, Dragoljub"]
[Black "Simic, Radoslav"]
[Result "1/2-1/2"]
[WhiteElo "2480"]
[BlackElo "2440"]
[PlyCount "31"]
[EventDate "1981.03.??"]
[EventType "tourn"]
[EventRounds "19"]
[EventCountry "YUG"]
[Source "ChessBase"]
[SourceDate "1998.11.10"]
[WhiteTeamCountry "URS"]
[BlackTeamCountry "YUG"]

1. e4 d6 2. d4 Nf6 3. Nc3 g6 4. Nf3 Bg7 5. Be2 O-O 6. O-O Bg4 7. Bg5 h6 8. Be3
Nc6 9. Qd2 Kh7 10. Rad1 e5 11. d5 Bxf3 12. Bxf3 Ne7 13. Be2 Nd7 14. f3 f5 15.
g4 f4 16. Bf2 1/2-1/2

[Event "YUG-ch"]
[Site "Borovo"]
[Date "1981.??.??"]
[Round "12"]
[White "Ivanovic, Bozidar"]
[Black "Velimirovic, Dragoljub"]
[Result "1-0"]
[WhiteElo "2490"]
[BlackElo "2480"]
[PlyCount "65"]
[EventDate "1981.03.??"]
[EventType "tourn"]
[EventRounds "19"]
[EventCountry "YUG"]
[Source "ChessBase"]
[SourceDate "1998.11.10"]
[WhiteTeamCountry "URS"]
[BlackTeamCountry "YUG"]

1. e4 c5 2. Nf3 d6 3. d4 cxd4 4. Nxd4 Nf6 5. Nc3 g6 6. Be3 Bg7 7. f3 Nc6 8. Qd2
O-O 9. O-O-O Nxd4 10. Bxd4 Be6 11. Kb1 Qc7 12. h4 Rfc8 13. h5 Qa5 14. hxg6 hxg6
15. a3 Rab8 16. Ne2 Qa4 17. g4 b5 18. g5 b4 19. gxf6 bxa3 20. b3 exf6 21. Nc3
Qc6 22. Ka1 a5 23. Qf4 Rb4 24. Bc4 Rxc4 25. bxc4 Qxc4 26. Rd3 g5 27. Qxd6 Qb4
28. Qxb4 axb4 29. Nd5 Rxc2 30. Ne7+ Kf8 31. Nf5 Kg8 32. Bc5 Bxf5 33. Rd8+ 1-0

[Event "YUG-ch"]
[Site "Borovo"]
[Date "1981.??.??"]
[Round "13"]
[White "Velimirovic, Dragoljub"]
[Black "Rukavina, Josip"]
[Result "0-1"]
[WhiteElo "2480"]
[BlackElo "2415"]
[PlyCount "85"]
[EventDate "1981.03.??"]
[EventType "tourn"]
[EventRounds "19"]
[EventCountry "YUG"]
[Source "ChessBase"]
[SourceDate "1998.11.10"]
[WhiteTeamCountry "URS"]
[BlackTeamCountry "YUG"]

1. e4 d6 2. d4 Nf6 3. Nc3 g6 4. f4 Bg7 5. Nf3 O-O 6. e5 dxe5 7. dxe5 Qxd1+ 8.
Kxd1 Nh5 9. Rg1 Bg4 10. Be2 Nc6 11. h3 Bxf3 12. Bxf3 Ng3 13. Ke1 Nf5 14. Bxc6
bxc6 15. Ne2 c5 16. g4 Nd4 17. Nxd4 cxd4 18. Kd2 f6 19. e6 f5 20. g5 c5 21. Kd3
Rfc8 22. b3 Rc6 23. Re1 c4+ 24. bxc4 Rac8 25. Ba3 Rxc4 26. Bxe7 Rc3+ 27. Kd2
Rxc2+ 28. Kd1 d3 29. Bf6 d2 30. Rg1 Bxf6 31. gxf6 R2c6 32. e7 Kf7 33. Kxd2 Rxf6
34. Rgc1 Rxc1 35. Rxc1 Ra6 36. e8=Q+ Kxe8 37. Rc8+ Kd7 38. Rh8 Rxa2+ 39. Kc3
Ra3+ 40. Kd4 Rxh3 41. Ra8 Ke6 42. Rxa7 h5 43. Ra6+ 0-1

[Event "YUG-ch"]
[Site "Borovo"]
[Date "1981.??.??"]
[Round "15"]
[White "Velimirovic, Dragoljub"]
[Black "Klaric, Zlatko"]
[Result "0-1"]
[WhiteElo "2480"]
[BlackElo "2465"]
[PlyCount "76"]
[EventDate "1981.03.??"]
[EventType "tourn"]
[EventRounds "19"]
[EventCountry "YUG"]
[Source "ChessBase"]
[SourceDate "1998.11.10"]
[WhiteTeamCountry "URS"]
[BlackTeamCountry "YUG"]

1. e4 g6 2. d4 c6 3. f4 d5 4. e5 h5 5. Nf3 Bg4 6. h3 Bxf3 7. Qxf3 e6 8. g3 Ne7
9. Be3 Qb6 10. Nd2 Qxb2 11. Rb1 Qxc2 12. Rxb7 Nf5 13. Be2 Nd7 14. Bf2 a5 15.
Qb3 Qc1+ 16. Qd1 Qxd1+ 17. Bxd1 Bb4 18. Ba4 Ne7 19. Ke2 O-O-O 20. Rxb4 axb4 21.
Nf3 Nb6 22. Bc2 Rd7 23. Be1 Ra7 24. Bb3 Nf5 25. Rg1 c5 26. dxc5 Nc4 27. Bxb4
Na5 28. Bd2 Nxb3 29. axb3 Ra3 30. g4 hxg4 31. hxg4 Ne7 32. Nd4 Kd7 33. Rg3 Nc6
34. Nc2 Rh2+ 35. Kd1 Ra2 36. Re3 Nb4 37. c6+ Kc8 38. Rc3 Nxc2 0-1

[Event "YUG-ch"]
[Site "Borovo"]
[Date "1981.??.??"]
[Round "16"]
[White "Jelen, Iztok"]
[Black "Velimirovic, Dragoljub"]
[Result "0-1"]
[WhiteElo "2435"]
[BlackElo "2480"]
[PlyCount "108"]
[EventDate "1981.03.??"]
[EventType "tourn"]
[EventRounds "19"]
[EventCountry "YUG"]
[Source "ChessBase"]
[SourceDate "1998.11.10"]
[WhiteTeamCountry "URS"]
[BlackTeamCountry "YUG"]

1. Nf3 Nf6 2. c4 e6 3. Nc3 Bb4 4. Qc2 c5 5. a3 Ba5 6. g3 Nc6 7. Bg2 O-O 8. O-O
Qe7 9. d3 h6 10. Rb1 a6 11. e3 Rb8 12. d4 d6 13. dxc5 dxc5 14. Na4 Rd8 15. Bd2
Bxd2 16. Nxd2 Bd7 17. Rfd1 Be8 18. Qc3 Nd4 19. Qa5 b6 20. Nxb6 Nc6 21. Bxc6
Bxc6 22. Na4 Ng4 23. Nxc5 Qg5 24. Ncb3 Qf6 25. f4 Nxe3 26. Re1 Nf5 27. Qe5 Qg6
28. Qc3 Rd7 29. Nc5 Rxd2 30. Qxd2 Nxg3 31. Kf2 Nh1+ 32. Kf1 Qh5 33. Re5 Ng3+
34. Ke1 Qf3 35. Qd3 Qh1+ 36. Kd2 Qxh2+ 37. Kc3 a5 38. Re3 Nf5 39. Re2 Qxf4 40.
Rd1 Bf3 41. Rf1 Bxe2 42. Rxf4 Bxd3 43. Nxd3 g5 44. Re4 h5 45. b4 axb4+ 46. axb4
g4 47. c5 Kf8 48. Kc4 Rc8 49. Kb5 Rd8 50. Nf2 g3 51. Nh3 g2 52. Re1 Rd3 53. Ng1
h4 54. c6 h3 0-1

[Event "YUG-ch"]
[Site "Borovo"]
[Date "1981.??.??"]
[Round "17"]
[White "Velimirovic, Dragoljub"]
[Black "Cebalo, Miso"]
[Result "1-0"]
[WhiteElo "2480"]
[BlackElo "2510"]
[PlyCount "100"]
[EventDate "1981.03.??"]
[EventType "tourn"]
[EventRounds "19"]
[EventCountry "YUG"]
[Source "ChessBase"]
[SourceDate "1998.11.10"]
[WhiteTeamCountry "URS"]
[BlackTeamCountry "YUG"]

1. e4 e6 2. d4 c5 3. d5 exd5 4. exd5 d6 5. Nf3 Nf6 6. Be2 Be7 7. O-O O-O 8. Nc3
Na6 9. a3 Nc7 10. b4 b6 11. bxc5 bxc5 12. Rb1 h6 13. h3 Re8 14. Nh2 Bf8 15. Ng4
Bxg4 16. hxg4 Rb8 17. Rxb8 Qxb8 18. f4 Nfxd5 19. Nxd5 Nxd5 20. Bf3 Nb6 21. Qd3
d5 22. Bxd5 Rd8 23. c4 Nxd5 24. cxd5 Qc8 25. Qf3 c4 26. Rd1 Qc5+ 27. Kh2 c3 28.
Rd3 Rc8 29. Qe4 Bd6 30. g5 Qc4 31. Rd4 Qf1 32. g6 Rf8 33. gxf7+ Kh8 34. Be3
Rxf7 35. Rc4 Qe1 36. Kh3 Rf8 37. Qe6 Rf6 38. Rc8+ Bf8 39. Qe7 Kg8 40. Bc5 Qxe7
41. Bxe7 Rxf4 42. d6 c2 43. Bxf8 Rxf8 44. d7 Kh7 45. Rxf8 c1=Q 46. d8=Q Qh1+
47. Kg3 Qe1+ 48. Kh2 Qe5+ 49. Kg1 Qe3+ 50. Rf2 Qc1+ 1-0

[Event "YUG-ch"]
[Site "Borovo"]
[Date "1981.??.??"]
[Round "18"]
[White "Martinovic, Slobodan"]
[Black "Velimirovic, Dragoljub"]
[Result "0-1"]
[WhiteElo "2475"]
[BlackElo "2480"]
[PlyCount "52"]
[EventDate "1981.03.??"]
[EventType "tourn"]
[EventRounds "19"]
[EventCountry "YUG"]
[Source "ChessBase"]
[SourceDate "1998.11.10"]
[WhiteTeamCountry "URS"]
[BlackTeamCountry "YUG"]

1. e4 e5 2. Nf3 Nc6 3. Bc4 Nf6 4. d3 Bc5 5. O-O d6 6. c3 Bg4 7. Re1 O-O 8. h3
Be6 9. Bxe6 fxe6 10. d4 Bb6 11. dxe5 Nxe5 12. Nd4 Qe8 13. Na3 Qg6 14. Qe2 Nh5
15. Kh1 Nf4 16. Bxf4 Rxf4 17. f3 Raf8 18. Rf1 Qh6 19. Nc4 Bxd4 20. cxd4 Nxf3
21. gxf3 Rh4 22. Kg2 Rxh3 23. Qe3 Rh2+ 24. Kg1 Qh3 25. Qg5 Rh1+ 26. Kf2 Qxf3+
0-1

[Event "Banja Luka"]
[Site "Banja Luka"]
[Date "1981.??.??"]
[Round "?"]
[White "Cebalo, Miso"]
[Black "Velimirovic, Dragoljub"]
[Result "1/2-1/2"]
[WhiteElo "2510"]
[BlackElo "2480"]
[PlyCount "91"]
[EventDate "1981.04.??"]
[EventType "tourn"]
[EventRounds "11"]
[EventCountry "YUG"]
[EventCategory "9"]
[Source "ChessBase"]
[SourceDate "1999.07.01"]
[WhiteTeamCountry "URS"]
[BlackTeamCountry "YUG"]

1. d4 c5 2. d5 d6 3. c4 g6 4. Nc3 Bg7 5. e4 Nf6 6. f3 O-O 7. Bg5 Qa5 8. Qd2 a6
9. a4 e6 10. Nge2 b5 11. Ng3 b4 12. Nd1 Re8 13. Be2 Nbd7 14. O-O exd5 15. cxd5
c4 16. Be3 Nb6 17. Bd4 Bd7 18. Ne3 Rac8 19. Rfc1 c3 20. bxc3 bxc3 21. Qd3 Nxa4
22. Qxa6 Qxa6 23. Bxa6 Rc7 24. Ne2 Nh5 25. Bxg7 Kxg7 26. g4 Nf6 27. Nd4 Rb8 28.
Bd3 Rb4 29. Nec2 Rb2 30. Kf2 Nc5 31. Ke3 Ba4 32. Ra3 Re7 33. Be2 Nxd5+ 34. Kf2
Nb3 35. Nxb3 Bxb3 36. Nd4 Nf4 37. Ke3 Nxe2 38. Nxe2 c2 39. Nd4 Rb7 40. Ra6 Rb1
41. Kd2 Rb4 42. Rxd6 Rxc1 43. Kxc1 Ba4 44. Nxc2 Rc4 45. Rd2 Rc3 46. Rf2 1/2-1/2

[Event "Banja Luka"]
[Site "Banja Luka"]
[Date "1981.??.??"]
[Round "?"]
[White "Farago, Ivan"]
[Black "Velimirovic, Dragoljub"]
[Result "1/2-1/2"]
[WhiteElo "2535"]
[BlackElo "2480"]
[PlyCount "95"]
[EventDate "1981.04.??"]
[EventType "tourn"]
[EventRounds "11"]
[EventCountry "YUG"]
[EventCategory "9"]
[Source "ChessBase"]
[SourceDate "1999.07.01"]
[WhiteTeamCountry "URS"]
[BlackTeamCountry "YUG"]

1. d4 Nf6 2. c4 c5 3. d5 e6 4. Nc3 exd5 5. cxd5 d6 6. e4 g6 7. Nf3 Bg7 8. Be2
O-O 9. O-O Re8 10. Nd2 Nbd7 11. a4 a6 12. Ra3 Rb8 13. Kh1 Ne5 14. Rb3 Bd7 15.
f3 Qc7 16. Nc4 Nxc4 17. Bxc4 Re7 18. Bf4 Nh5 19. Bg5 f6 20. Bh4 g5 21. Bf2 Nf4
22. Bg3 Ng6 23. a5 Ne5 24. Bxe5 Rxe5 25. Rb6 Rbe8 26. g4 h5 27. h3 hxg4 28.
hxg4 Kf7 29. Kg2 Rh8 30. Qb3 Bc8 31. Ne2 Bf8 32. Ng3 Be7 33. Rh1 Rxh1 34. Kxh1
Qd8 35. Kg2 Qd7 36. Nf5 Rxf5 37. exf5 Bd8 38. Bd3 Qe7 39. Be4 Ke8 40. Qa4+ Bd7
41. Qb3 Bxb6 42. Qxb6 Bb5 43. Qa7 Qc7 44. Qa8+ Kd7 45. Qg8 Qxa5 46. Qe6+ Kc7
47. Qe7+ Kc8 48. Qe6+ 1/2-1/2

[Event "Banja Luka"]
[Site "Banja Luka"]
[Date "1981.??.??"]
[Round "?"]
[White "Filipovic, Branko"]
[Black "Velimirovic, Dragoljub"]
[Result "1/2-1/2"]
[WhiteElo "2215"]
[BlackElo "2480"]
[PlyCount "81"]
[EventDate "1981.04.??"]
[EventType "tourn"]
[EventRounds "11"]
[EventCountry "YUG"]
[EventCategory "9"]
[Source "ChessBase"]
[SourceDate "1999.07.01"]
[WhiteTeamCountry "URS"]
[BlackTeamCountry "YUG"]

1. e4 e5 2. Nf3 Nc6 3. Bb5 f5 4. Nc3 Nf6 5. Qe2 fxe4 6. Nxe4 d5 7. Nxf6+ gxf6
8. d4 Bg7 9. dxe5 O-O 10. Bxc6 bxc6 11. e6 Re8 12. O-O Rxe6 13. Qd3 c5 14. Rd1
c6 15. c4 Qe7 16. Be3 Ba6 17. Qa3 d4 18. Bxd4 Bxc4 19. Bxc5 Qe8 20. Re1 Bd5 21.
Rxe6 Qxe6 22. Re1 Qg4 23. h3 Qh5 24. Nd2 Qg6 25. Nf3 Kh8 26. Nh4 Qg5 27. g3 f5
28. Bb4 Rg8 29. Bc3 f4 30. Bxg7+ Qxg7 31. Nf5 Qf6 32. g4 h5 33. Ne7 Re8 34. Qc3
Qxc3 35. bxc3 Kh7 36. g5 Bf7 37. Re5 h4 38. Kh2 Rd8 39. Nxc6 Rd1 40. Nb4 Bh5
41. Rd5 1/2-1/2